| 000 | 00795 a2200121 4500 | ||
|---|---|---|---|
| 003 | Nust | ||
| 005 | 20170207154009.0 | ||
| 040 | _cNust | ||
| 100 | _aPete Davis and Mike Wallace | ||
| 245 |
_aWindows Undocumented File Formats (E-Book) _cPete Davis and Mike Wallace _bR&D Book |
||
| 300 | _aix,286 P; | ||
| 505 | _aChapter 1 Introduction And Overview (Page-7) Chapter 2 Multiresolution Bitmap (.Mrb) File Format(Page-13) Chapter 3 Segmented Hypergraphic (.Shg) File Format(Page-27) Chapter 4 Windows Help File Format(Page-41) Chapter 5 Annotation (.Ann) And Bookmark (.Bmk) (Page-103) Chapter 6 Compression Algorithm And File Formats(Page-107) Chapter 7 Resource (.Res) File Format(Page-125) Chapter 8 Pif File Format(Page-209) Chapter 9 W3 And W4 File Format(Page-229) Chapter 10 Le File Format(Page- 251) | ||
| 651 | _a(E-Book) | ||
| 999 |
_c191136 _d191136 |
||